01594nam a22003617a 4500003000900000005001700009008004100026020002200067040003000089082002700119100002700146240004000173245018300213250002200396264005900418300003900477336003200516337003300548338002800581500007300609504003100682600007400713650004900787650005000836650005400886650005400940700004300994700004201037700005901079700006301138942001401201999001701215DO-SdBNP20240917092314.0240905b |||||||| |||| 00| 0 spa d c978-9945-80-142-2 aDO-SdBNPbspacBNPHUerda 4a793.3197293bT266d2221 aTejeda, Darío,925401 aA pasión danzaría.lPortuguês12aA paixão pela dança /cDiario Tejeda ; prefacio, Paul Austerlitz ; traducción, Renan Branco Ruiz, Laurisabel María de Ana da Silva, Antonio Carlos Araújo Ribeiro Junior aPrimera edición 1aRepública Dominicana :bINEC, Atlantis Press, c2024 a250 p. : bilustraciones, c23 cm. 2rdacontentardacontentbtxt 2rdamediaasin mediaciónbn 2rdacarrieravolumenbnc aIncluye referencias bibliográficas y notas al pie de las páginas aBibliografía: p. 229-25017aGuera, Juan Luíz Guerrad1957-xCrítica e interpretación986532 7aMúsica popular dominicanaxHistoria913134 7aMúsica popular caribeñaxHistoria986533 7aBachata (Música)zRepública Dominicana954210 7aMerengue (Música)zRepública Dominicana913241 a Austerlitz, Paul,eprologuista 913151 a Ruiz, Renan Brancoetracdutor9865461 a Silva, Laurisabel María de Ana daetracdutor9865471 aRibeiro Junior, Antonio Carlos Araújo,etraductor986548 2ddccLBS1 c57638d57638